000 00655nam a2200193Ia 4500
005 20250423095354.0
008 250422s9999 xx 000 0 und d
020 _a9781259921636
050 _aR 834.5 .L4/
100 _aLe, Tao
245 0 _aFirst aid for the basic sciences: organ system
250 _a3rd ed.
260 _aNew York
260 _bMcGraw-Hill Education
260 _c2017
300 _a897 p
650 _a Medicine--Examinations, questions, etc. Medicine--Outlines, syllabi, etc. Medical sciences--Examinations, questions, etc. Physicians--Licenses--United States--Examinations--Study guides.
942 _cBK
999 _c30077
_d30077